Japanese Cities by Images - Statistics

General Stats
  • This quiz has been taken 52 times
    36 since last reset
  • The average score is 10 of 16
Answer Stats
Picture Answer % Correct
Osaka
100%
Tokyo
100%
Kyoto
94%
Nara
88%
Yokohama
88%
Sapporo
84%
Nagoya
81%
Kobe
72%
Himeji
59%
Fukuoka
53%
Shizuoka
53%
Nagano
38%
Kanazawa
28%
Okayama
28%
Toyama
19%
Fujiyoshida
13%
No matching quizzes found
Score Distribution
Percent of People with Each Score
Percentile by Number Answered
Your Score History
You have not taken this quiz since the last reset